Selective Nontreatment of Handicapped Newborns (Record no. 3411)

MARC details
000 -LEADER
fixed length control field 00474nam a22001577a 4500
003 - CONTROL NUMBER IDENTIFIER
control field OSt
005 - DATE AND TIME OF LATEST TRANSACTION
control field 20251208123851.0
008 - FIXED-LENGTH DATA ELEMENTS--GENERAL INFORMATION
fixed length control field 251208b |||||||| |||| 00| 0 eng d
020 ## - INTERNATIONAL STANDARD BOOK NUMBER
International Standard Book Number 0-19-503396 -5
040 ## - CATALOGING SOURCE
Transcribing agency Outspan Global University
050 ## - LIBRARY OF CONGRESS CALL NUMBER
Classification number RJ243.5
Item number .W44
100 ## - MAIN ENTRY--PERSONAL NAME
Personal name Robert Weir
Relator term editor
245 ## - TITLE STATEMENT
Title Selective Nontreatment of Handicapped Newborns
Statement of responsibility, etc. by Weir Robert
260 ## - PUBLICATION, DISTRIBUTION, ETC.
Place of publication, distribution, etc. United States of America
Name of publisher, distributor, etc. Oxford University Press,Inc
Date of publication, distribution, etc. 1984
942 ## - ADDED ENTRY ELEMENTS (KOHA)
Source of classification or shelving scheme Library of Congress Classification
Koha item type Books
Suppress in OPAC No
Holdings
Withdrawn status Lost status Source of classification or shelving scheme Damaged status Not for loan Home library Current library Shelving location Date acquired Total checkouts Full call number Barcode Date last seen Price effective from Koha item type
    Library of Congress Classification     Main Campus 2nd Floor Main Library General stacks 12/08/2025   RJ243.5 .W54 100364 12/08/2025 12/08/2025 Books